Mathematical statistics and data analysis (Record no. 191946)

MARC details
000 -LEADER
fixed length control field 00400nam a2200157Ia 4500
005 - DATE AND TIME OF LATEST TRANSACTION
control field 20250407104022.0
008 - FIXED-LENGTH DATA ELEMENTS--GENERAL INFORMATION
fixed length control field 231217s9999 xx 000 0 und d
020 ## - INTERNATIONAL STANDARD BOOK NUMBER
International Standard Book Number 9788131501832
082 ## - DEWEY DECIMAL CLASSIFICATION NUMBER
Classification number 519.5 RIC;1 R
100 ## - MAIN ENTRY--PERSONAL NAME
Personal name Rice, John A
245 #0 - TITLE STATEMENT
Title Mathematical statistics and data analysis
250 ## - EDITION STATEMENT
Edition statement 3rd ed.
260 ## - PUBLICATION, DISTRIBUTION, ETC. (IMPRINT)
Date of publication, distribution, etc. 2007
Name of publisher, distributor, etc. thomson
Place of publication, distribution, etc. Australia
300 ## - PHYSICAL DESCRIPTION
Extent xvi+603+A63
942 ## - ADDED ENTRY ELEMENTS (KOHA)
Koha item type Books
Holdings
Date last seen Total Checkouts Total Renewals Full call number Accession number Old discount Date checked out Price effective from Category Public note Lost status Damaged status Department Withdrawn status bill no. bill date Permanent Location Current Location Shelving location Entry date Vendor Grants Currency symbol Conversion rate Discount Discount type
09/12/2024 1 1 519.5 RIC;1 R 73141   26/11/2024 26/01/2024 Books 73141     Central Library   1993 20/02/2016 Central Library RFID Kiosk Central Library 03/03/2011 ICFAI Press MATHS RS 1   Rupees

© For any Suggestions or Query, please contact the library staff @ librarian@pes.edu or Phone: +9180 2672 1983/ 2108.